000 00326 a2200145 4500
001 156304
040 _cEscola São Tomás de Aquino
100 _aPESSÔA, Augusto
240 1 0 _aFelizes para sempre
_lpor
245 1 0 _aFelizes para sempre
300 _a54
362 0 _a2003
697 _a*LITERATURA JUVENIL
942 _cBK
999 _c156304
_d156304